000 00548nmm a2200193Ia 4500
008 251105s9999||||xx |||||||||||||||||und||
020 _a9788498414288
041 _aspa
100 _aMüller, Herta
245 0 _aEl rey se inclina y mata
264 _a[Madrid, España] :
_bSiruela,
_c2011
300 _a192 páginas
490 _aEl ojo del tiempo
650 _aOther Literatures and languages
700 _aMüller, Herta
700 1 _a García Adánez, Isabel
856 _uhttps://public.digitaliapublishing.com/a/32033
942 _cCF
999 _c69186
_d69186